000 00511nam a22001817a 4500
003 OSt
005 20250522133801.0
008 250522b |||||||| |||| 00| 0 eng d
020 _a978-93-487054-5-7
040 _cSBCL
082 _a894.8123
_bKOD-V
100 _aKoduppanapolackal,Ancy
245 _aVanchikkaran
260 _aKottayam
_bDC Books
_c2025
300 _a228p.
650 _2Literature & rhetoric
_aLiteratures of other languages
_vAltaic, Uralic, Hyperborean & Dravidian
942 _cBOOK
999 _c136966
_d136966